Pravá talianska kuchyňa

Bibliographic Details
Main Author: Doeser, Linda (Author)
Other Authors: Holinová, Hilda, 1934-2013 (Translator)
Format: Book
Language:Slovak
English
PhysicalDescription:256 s. fareb. fotogr. 26 cm
Published: Bratislava Slovart c2004
ISBN:8071459054
Edition:1. slov. vyd.
Subjects:

MARC

LEADER 00000nam a2200000 a 4500
001 vtls001483343
003 SK-MaSNL
005 20260301203922.0
008 240226s2004 xo o g 001 0 slo
015 |a SNBA2005/01-00257 
020 |a 8071459054  |q (viaz.) 
035 |a SNK000438638 
035 |a urn:nbn:sk:snk-amygr9 
035 |a urn:nbn:sk:snk-am00ckuf 
035 |a 60ACEAA2-ED90-48CC-96F4-EEF6B158935E 
040 |a SNK  |b slo  |c SNK  |e AACR2 
041 1 |a slo  |h eng 
044 |a xo  |c SK 
072 7 |a 641  |x Kuchárstvo. Potraviny. Varené jedlá  |2 konspekt 
080 |a (083.12)  |2 MDT-MRF 
080 |a 641.568(450)  |2 MDT-MRF 
100 1 |a Doeser, Linda  |4 aut  |9 467727 
240 1 0 |a World food Italy  |l Slovensky 
245 1 0 |a Pravá talianska kuchyňa  |c Linda Doeserová ; [z anglického originálu preložila Hilda Holinová] 
250 |a 1. slov. vyd. 
260 |a Bratislava  |b Slovart  |c c2004 
300 |a 256 s.  |b fareb. fotogr.  |c 26 cm 
500 |a Fareb. fotogr. na front. a predsádkach 
504 |a Reg. 
650 0 7 |a talianske jedlá  |2 SNKPH  |9 68406 
655 7 |a obrazové publikácie  |2 SNKPH  |9 70343 
655 7 |a kuchárske recepty  |2 SNKPH  |9 70493 
700 1 |a Holinová, Hilda,  |d 1934-2013  |4 trl  |9 86585 
919 |a 80-7145-905-4 
968 |d 64 
999 |c 904456  |d 906386 
952 |t P60, <03>, [BOOK], {603}, -K-  |a SNK  |b SNK  |y PREZ  |7 0  |p 17A0443541  |o snkSB 69376  |i snkKSP 13238/2004  |0 0  |1 0  |4 0  |d 2004-10-12  |f 1  |l 0  |r 2025-04-23 00:00:00  |w 2026-02-24 
952 |t P60, <04>, [BOOK], {604}  |a SNK  |b SNK  |y VYP  |7 0  |p 17A0443540  |o snkSB 69376 D1  |i snkKSP 13239/2004  |0 0  |1 0  |4 0  |d 2004-10-12  |l 0  |r 2005-01-02 00:00:00  |w 2026-02-24 
952 |t snkDOE 641.5  |a SNKUST  |b SNKUST  |y PREZ  |7 0  |p 17A0510816  |o snkSB 69376 D2  |i snk2007/5592  |8 3  |g 6.61  |0 0  |1 0  |4 0  |d 2007-03-20  |l 0  |r 2025-03-21 00:00:00  |w 2026-02-24